00309nam a2200073Ia 4500008004100000082000800041100001700049245016900066240331s9999 xx 000 0 und d bJEB aJebanesan, S 4aThe development of Tamilian thought in the nineteenth century Sri Lanka :bThe contribution of the higher educational enterprise of the American Missionaries-Thesis